| 000 | 01196nam a22003017a 4500 | ||
|---|---|---|---|
| 999 |
_c29430 _d29401 |
||
| 003 | EG-ScBUE | ||
| 005 | 20210916130856.0 | ||
| 008 | 210916s2014 mr f 000 0 ara d | ||
| 017 | _a8023 | ||
| 020 | _a9789776473010 | ||
| 040 |
_aEG-ScBUE _bara _erda _cEG-ScBUE _dEG-ScBUE |
||
| 043 | _af-ua--- | ||
| 082 | 0 | 4 |
_a347.62009 _bف ا ر _222 |
| 100 | 1 |
_aفاروق، عبد الخالق، _d1957- _eمؤلف. |
|
| 245 | 1 | 0 |
_aأزمة القضاء المصري وحرية الصحافة وحقوق الإنسان / _cعبد الخالق فاروق. |
| 264 | 1 |
_aالرباط : _bمؤسسة مؤمنون بلا حدود للدراسات والأبحاث، _c2014. |
|
| 300 |
_a350 صفحة ؛ _c24 سم |
||
| 336 |
_2rdacontent _aنص _btxt |
||
| 337 |
_2rdamedia _aبدون وسيط _bn |
||
| 338 |
_2rdacarrier _aمجلد _bnc |
||
| 541 |
_cإهداء ؛ _aعبد الخالق فاروق. |
||
| 650 | 7 |
_aالقضاء _zمصر. _2BUEsh |
|
| 650 | 7 |
_aالصحافة _xقوانين و تشريعات _zمصر _2BUEsh |
|
| 650 | 7 |
_aحقوق الإنسان _xقوانين و تشريعات _zمصر _2BUEsh |
|
| 653 |
_bLLAAWW _cSeptember2021 |
||
| 655 |
_vReading book _934232 |
||
| 942 | _2ddc | ||